[Event "11th WUCC Men"]
[Site "Zuerich SUI"]
[Date "2010.09.10"]
[Round "7"]
[White "Jumabayev,R"]
[Black "Mohajerin Esfahani,Peyman"]
[Result "1-0"]
[WhiteElo "2547"]
[BlackElo "2366"]
[EventDate "2010.09.05"]

1. d4 Nf6 2. c4 g6 3. Nc3 Bg7 4. e4 d6 5. f3 O-O 6. Be3 e5 7. Nge2 c6 8.
Qd2 Nbd7 9. h4 h5 10. O-O-O a6 11. c5 d5 12. exd5 cxd5 13. Kb1 Re8 14. Ka1
exd4 15. Bxd4 Ne5 16. Na4 Nc4 17. Qf4 Bf5 18. Nec3 Qe7 19. Bxc4 dxc4 20.
Nb6 Rad8 21. Nxc4 Rxd4 22. Rxd4 Qxc5 23. Nd6 Re6 24. Nxf5 gxf5 25. Rc4 Qf2
26. Rc8+ Re8 27. Qxf5 Qxg2 28. Rd1 Qg6 29. Rxe8+ Nxe8 30. Qc8 Kf8 31. Re1
Qc6 32. Qxc6 bxc6 33. Ne4 Bd4 34. Rc1 f5 35. Ng3 Ng7 36. Rxc6 Kf7 37. Rxa6
Bf2 38. Ne2 Bxh4 39. a4 Ne6 40. a5 Bf2 41. Ra8 h4 42. Rc8 Kg7 43. b4 h3 44.
Rc1 Ng5 45. Rh1 Nxf3 46. Rxh3 Ne5 47. Ka2 Kf6 48. Kb3 Ke6 49. Nf4+ Kd6 50.
Rh6+ Kc7 51. Rf6 Nc6 52. Ne2 Be1 53. Nc3 Ne7 54. Re6 1-0

[Event "11th WUCC Men"]
[Site "Zuerich SUI"]
[Date "2010.09.10"]
[Round "7"]
[White "Ahmadinia,E"]
[Black "Papin,V"]
[Result "1/2-1/2"]
[WhiteElo "2436"]
[BlackElo "2534"]
[EventDate "2010.09.05"]

1. e4 c5 2. c3 Nf6 3. e5 Nd5 4. d4 cxd4 5. Nf3 Nc6 6. cxd4 d6 7. Bc4 Nb6 8.
Bb5 Bd7 9. Nc3 dxe5 10. dxe5 g6 11. O-O Bg7 12. Qe2 O-O 13. h3 Qc7 14. Bf4
Rfd8 15. Rac1 Rac8 16. Rfe1 Be6 17. Qe3 a6 18. Bf1 Nd7 19. Ng5 Bxe5 20.
Nxe6 fxe6 21. Bxe5 Qxe5 22. Bc4 Qxe3 23. Rxe3 Nf8 24. Bxe6+ Nxe6 25. Rxe6
Rd2 26. Re2 Rxe2 27. Nxe2 Rd8 28. Rc2 Rd1+ 29. Kh2 Kf7 30. Nc3 Rd4 31. Kg3
Ne5 32. f3 Rc4 33. Rd2 Rc7 34. Ne4 h6 35. f4 Nd7 36. Kf3 Ke8 37. Re2 Kf7
38. Nc3 Nb6 39. Ke3 Rd7 40. b3 Rc7 41. Kd4 Rd7+ 42. Ke3 Rc7 43. Kd4 e6 44.
g4 Rd7+ 45. Ke3 Rc7 46. Kd4 Rd7+ 47. Ke3 1/2-1/2

[Event "11th WUCC Men"]
[Site "Zuerich SUI"]
[Date "2010.09.10"]
[Round "7"]
[White "Jurcik,Mari"]
[Black "Pruijssers,R"]
[Result "1/2-1/2"]
[WhiteElo "2466"]
[BlackElo "2483"]
[EventDate "2010.09.05"]

1. d4 Nf6 2. c4 g6 3. Nf3 Bg7 4. g3 O-O 5. Bg2 d6 6. Nc3 Nbd7 7. O-O e5 8.
Be3 exd4 9. Bxd4 Re8 10. Qd2 Qe7 11. Rac1 c6 12. Rfd1 Ne5 13. b3 Bf5 14. h3
Ne4 15. Nxe4 Bxe4 16. Nxe5 dxe5 1/2-1/2

[Event "11th WUCC Men"]
[Site "Zuerich SUI"]
[Date "2010.09.10"]
[Round "7"]
[White "Markos,J"]
[Black "Nestorovic,N"]
[Result "1/2-1/2"]
[WhiteElo "2566"]
[BlackElo "2420"]
[EventDate "2010.09.05"]

1. Nf3 Nf6 2. g3 b6 3. Bg2 Bb7 4. d4 e6 5. O-O c5 6. Bf4 cxd4 7. Nxd4 Bxg2
8. Kxg2 a6 9. Qd3 d6 10. Qf3 Nbd7 11. Nc3 Rc8 12. Nb3 Qc7 13. Rfd1 Be7 14.
Rd2 O-O 15. Rad1 Ne5 16. Bxe5 dxe5 17. g4 Bb4 18. Rd3 Qc4 19. g5 Nd5 20.
Rxd5 exd5 21. Nxd5 e4 22. Qg4 Bc5 23. Nf6+ Kh8 24. Qxe4 Qxe4+ 25. Nxe4 Be7
26. Rd7 Rfe8 27. c3 Rcd8 28. Rb7 Rb8 29. Ra7 Ba3 30. Kf3 Bxb2 31. Rxf7 Rbc8
32. Rb7 Rc4 33. Nbd2 Rc6 34. c4 Bc1 35. h4 Kg8 36. h5 Rd8 37. Nb3 Rf8+ 38.
Kg2 Rxc4 39. f3 Bf4 40. h6 Rc7 41. Rxb6 gxh6 42. gxh6 Rc2 43. Nd4 Be3 44.
Nf6+ Kf7 45. Rb7+ Kxf6 46. Nxc2 Bxh6 47. Rb6+ Kg7 48. Rxa6 Rd8 49. Kf2 Bf4
50. Ra4 Bc1 51. Nd4 Kf6 52. Ra6+ Kf7 53. e3 h5 54. Rh6 Rxd4 55. Rxh5 Ra4
56. Re5 1/2-1/2

[Event "11th WUCC Men"]
[Site "Zuerich SUI"]
[Date "2010.09.10"]
[Round "7"]
[White "Roganovic,Milo"]
[Black "Purnama,T"]
[Result "1/2-1/2"]
[WhiteElo "2497"]
[BlackElo "2400"]
[EventDate "2010.09.05"]

1. e4 e5 2. Nf3 Nc6 3. Bc4 Bc5 4. O-O Nf6 5. d3 O-O 6. Nc3 h6 7. Ne2 d5 8.
exd5 Nxd5 9. Ng3 Bb6 10. Re1 Be6 11. Qe2 Re8 12. Bb5 Bg4 13. Bxc6 bxc6 14.
h3 Bd7 15. Qe4 Qf6 16. Bd2 Re6 17. Nh5 Qe7 18. c4 Nf6 19. Nxf6+ Qxf6 20.
Bc3 Rae8 21. Bxe5 Rxe5 22. Nxe5 Qxf2+ 23. Kh1 f6 24. Ng4 Qg3 25. Qxe8+ Bxe8
26. Rxe8+ Kh7 27. Rd1 Bd4 28. Re2 f5 29. Nh2 f4 30. Nf3 Be3 31. Nh2 Qg6 32.
Ng4 Bd4 33. Re4 Qd6 34. b4 f3 35. gxf3 Qg3 36. Nh2 Be5 37. Rd2 Bc3 38. Rg2
Qd6 39. d4 Qxb4 40. Reg4 g5 41. h4 Bd2 42. hxg5 hxg5 43. Nf1 Bf4 44. Ng3
Qxc4 45. Ne2 Bd2 46. f4 Kg6 47. Rxg5+ Kf6 48. Rg6+ Ke7 49. Rg7+ Kf8 50.
Rg8+ Kf7 51. R2g7+ Kf6 52. Rg6+ Kf7 53. R8g7+ Kf8 54. Rg8+ Kf7 55. R6g7+
Ke6 56. Rg6+ Kf7 57. R6g7+ 1/2-1/2

[Event "11th WUCC Men"]
[Site "Zuerich SUI"]
[Date "2010.09.10"]
[Round "7"]
[White "Gundavaa,B"]
[Black "Poobalasingam,P"]
[Result "1-0"]
[WhiteElo "2460"]
[BlackElo "2330"]
[EventDate "2010.09.05"]

1. d4 Nf6 2. c4 g6 3. Nc3 d5 4. Bg5 Ne4 5. Bh4 c5 6. cxd5 Nxc3 7. bxc3 Qxd5
8. e3 Bg7 9. Nf3 cxd4 10. cxd4 Nc6 11. Be2 O-O 12. O-O Bf5 13. Qb3 Be6 14.
Rfb1 Qxb3 15. axb3 Bd5 16. Bc4 Rfd8 17. h3 Rd7 18. Bg3 e6 19. Be2 Bf8 20.
Ra4 f6 21. Ne1 Nb4 22. Bc4 Kf7 23. Rc1 Bc6 24. Raa1 a5 25. Nd3 Nxd3 26.
Bxd3 Bb4 27. Bc4 Ke7 28. Ra2 Bd6 29. Kh2 Bxg3+ 30. Kxg3 Rc7 31. f3 Bd7 32.
Rca1 b5 33. Be2 a4 34. Bd1 Rca7 35. e4 Kd6 36. h4 Be8 37. Kf2 f5 38. Ke3
Bc6 39. g4 fxe4 40. fxe4 h6 41. bxa4 bxa4 42. Rc1 Bd7 43. Ra3 g5 44. h5 e5
45. dxe5+ Ke7 46. Rb1 Ra6 47. Be2 Re6 48. Kd4 Rc6 49. Rb7 Rc2 50. Bb5 Rd8
51. Rxa4 Ke8 52. Rxd7 Rxd7+ 53. Bxd7+ Kxd7 54. Ra7+ Ke8 55. e6 Rf2 56. Ke5
Rf1 57. Rh7 1-0

[Event "11th WUCC Men"]
[Site "Zuerich SUI"]
[Date "2010.09.10"]
[Round "7"]
[White "Mekhitarian,K"]
[Black "Kuipers,S"]
[Result "1/2-1/2"]
[WhiteElo "2550"]
[BlackElo "2370"]
[EventDate "2010.09.05"]

1. e4 c5 2. Nf3 Nc6 3. d4 cxd4 4. Nxd4 Nf6 5. Nc3 e5 6. Ndb5 d6 7. Bg5 a6
8. Na3 b5 9. Nd5 Be7 10. Bxf6 Bxf6 11. c4 b4 12. Nc2 O-O 13. Be2 a5 14. O-O
Bg5 15. Qd3 Be6 16. Rad1 Bxd5 17. exd5 Nd4 18. Nxd4 exd4 19. Qxd4 Bf6 20.
Qd2 Qb6 21. b3 Rfe8 22. Bd3 g6 23. Rfe1 Bc3 24. Rxe8+ Rxe8 25. Qf4 Qd4 26.
Qxd4 Bxd4 27. g3 Bc5 28. Kg2 Kg7 29. Kf3 Re5 30. Rg1 Kf6 31. h4 h5 32. Rd1
1/2-1/2

[Event "11th WUCC Men"]
[Site "Zuerich SUI"]
[Date "2010.09.10"]
[Round "7"]
[White "Megaranto,S"]
[Black "Hindermann,F"]
[Result "1-0"]
[WhiteElo "2516"]
[BlackElo "2303"]
[EventDate "2010.09.05"]

1. Nf3 e6 2. g3 b6 3. Bg2 Bb7 4. O-O c5 5. c4 Nf6 6. d4 cxd4 7. Nxd4 Bxg2
8. Kxg2 Be7 9. Nc3 d5 10. Qa4+ Qd7 11. Qxd7+ Nbxd7 12. cxd5 Nxd5 13. Nxd5
exd5 14. Nb5 Rc8 15. Rd1 Rc2 16. Rxd5 Rxe2 17. Nc7+ Kd8 18. Bf4 Kc8 19. Nb5
Nf6 20. Rc1+ Bc5 21. Rcxc5+ bxc5 22. Rxc5+ Kb7 23. Rc7+ Ka6 24. a4 Nd5 25.
Rxa7+ Kb6 26. Rxf7 Nxf4+ 27. Rxf4 Rxb2 28. Rf7 g5 29. h3 Ka5 30. Ra7+ Kb6
31. a5+ Kc5 32. Rc7+ Kb4 33. Nd6 Rd2 34. Ne4 Rd5 35. a6 Ka5 36. a7 Kb6 37.
Rxh7 Ra8 38. Rg7 Rxa7 39. Rxg5 Rd4 40. Nf6 Kc6 41. Rg4 Rd1 42. Re4 Raa1 43.
Ng4 Rh1 44. h4 Kd5 45. Nf6+ Kd6 46. Re2 Rac1 47. Kf3 Ra1 48. Kg4 Ra3 49. f4
Rg1 50. Nh5 Ra5 51. Ng7 Ra8 52. Nf5+ Kd7 53. Re7+ Kc6 54. h5 Rg8+ 55. Rg7
Rh8 56. Kg5 Kd5 57. g4 Ke4 58. Nh4 Ke3 59. f5 Ra8 60. Re7+ Kd3 61. Ng6 Ra3
62. h6 Kd4 63. h7 1-0

[Event "11th WUCC Men"]
[Site "Zuerich SUI"]
[Date "2010.09.10"]
[Round "7"]
[White "Gaehler,M"]
[Black "Burg,T"]
[Result "1/2-1/2"]
[WhiteElo "2289"]
[BlackElo "2455"]
[EventDate "2010.09.05"]

1. e4 c5 2. Nc3 d6 3. g3 Nc6 4. Bg2 g6 5. d3 Bg7 6. Be3 Rb8 7. a4 a6 8. f4
Nf6 9. h3 O-O 10. Nf3 Qb6 11. Rb1 Qc7 12. O-O b5 13. axb5 axb5 14. g4 b4
15. Ne2 e6 16. Qe1 Re8 17. Qh4 Ne7 18. Ng3 g5 19. fxg5 Ng6 20. gxf6 Nxh4
21. Nxh4 Bf8 22. Rbe1 Bb7 23. g5 d5 24. Bf4 e5 25. Bc1 c4 26. dxc4 Qxc4 27.
g6 Bc5+ 28. Kh2 hxg6 29. Nxg6 Kh7 30. Nh4 Rh8 31. Rf5 Kg8 32. Nf3 Qxc2 33.
Nxe5 Bc8 34. Rg5+ Kf8 35. Rh5 Rxh5 36. Nxh5 d4 37. Bh6+ Kg8 38. Rc1 Qe2 39.
Rxc5 Qxh5 40. Bf4 Ra8 41. Nd7 Qe2 42. Nb6 Bb7 43. Nxa8 Bxe4 44. Rg5+ Kh8
45. Nc7 d3 46. Rg4 d2 47. Bxd2 Qxd2 48. Rxe4 Qd6+ 49. Kh1 Qxc7 50. Rxb4 Qd6
51. Rg4 Qxf6 52. b3 Qe5 53. Re4 Qg3 54. Rg4 Qxb3 55. Rf4 Kg7 56. Rf3 Qb1+
57. Rf1 Qb8 58. Rf3 Kg6 59. Rf1 f5 60. Rf3 f4 61. Rf1 Kg5 62. Rf3 Kf5 63.
Rf1 Ke5 64. Rf3 Kd4 65. Kh2 Qe5 66. Kh1 Qe1+ 67. Kh2 Qc1 68. Rf1 Qc7 69.
Rf3 1/2-1/2

[Event "11th WUCC Men"]
[Site "Zuerich SUI"]
[Date "2010.09.10"]
[Round "7"]
[White "Kurmann,O"]
[Black "Erdene,G"]
[Result "1-0"]
[WhiteElo "2452"]
[BlackElo "2323"]
[EventDate "2010.09.05"]

1. e4 c6 2. d4 d5 3. e5 Bf5 4. Nd2 e6 5. Nb3 Nd7 6. Nf3 c5 7. dxc5 Bxc5 8.
Nxc5 Qa5+ 9. c3 Qxc5 10. Qa4 Ne7 11. Nd4 Nc6 12. Nxf5 exf5 13. Be3 Qe7 14.
f4 O-O 15. O-O-O Rfc8 16. Kb1 Nc5 17. Qb5 Ne4 18. Qxd5 Rd8 19. Qb3 Rxd1+
20. Qxd1 f6 21. Bc4+ Kh8 22. Qh5 fxe5 23. Qxf5 exf4 24. Bd3 fxe3 25. Qxe4
Qxe4 26. Bxe4 Re8 27. Bxc6 bxc6 28. Re1 Kg8 29. Kc2 Kf7 30. Kd3 Rd8+ 31.
Kxe3 Ke6 32. Re2 h5 33. Rd2 Rf8 34. Rd4 g6 35. Ra4 Rf7 36. Ra5 Re7 37. b3
Kd6+ 38. Kf3 Rf7+ 39. Kg3 Re7 40. c4 Ke6 41. Kf4 Kf6 42. h3 Rd7 43. g4 hxg4
44. hxg4 Rd4+ 45. Kf3 Rd7 46. Ke4 Ke6 47. Ra6 Kd6 48. b4 Re7+ 49. Kf4 Re2
50. b5 Kc5 51. Rxc6+ Kb4 52. a3+ Kb3 53. a4 Kb4 54. a5 Kxa5 55. Rxg6 Kb4
56. Rc6 Kc3 57. g5 Kd4 58. g6 Rg2 59. Kf5 Rf2+ 60. Ke6 Rg2 61. Kf7 Rf2+ 62.
Rf6 Rg2 63. g7 Kxc4 64. Rg6 1-0

[Event "11th WUCC Men"]
[Site "Zuerich SUI"]
[Date "2010.09.10"]
[Round "7"]
[White "Panjwani,R"]
[Black "Bueno,Alfe"]
[Result "1/2-1/2"]
[WhiteElo "2429"]
[BlackElo "2292"]
[EventDate "2010.09.05"]

1. d4 e6 2. c4 f5 3. Nc3 b6 4. a3 Bb7 5. d5 Bd6 6. g3 Nf6 7. Bg2 O-O 8. Nf3
a5 9. O-O Na6 10. Nd4 Nc5 11. Ndb5 Be5 12. Bf4 d6 13. Bxe5 dxe5 14. b4 axb4
15. axb4 Na6 16. dxe6 Bxg2 17. Kxg2 Qe7 18. Nd5 Nxd5 19. cxd5 Qxb4 20. Rxa6
Qxb5 21. Rxa8 Rxa8 22. Qd3 Qxd3 23. exd3 Ra5 24. Rc1 Rc5 25. Rxc5 bxc5 26.
Kf3 Kf8 27. g4 g6 28. gxf5 gxf5 29. Ke3 Ke7 30. f4 c6 31. dxc6 exf4+ 32.
Kxf4 Kxe6 33. h4 Kd6 34. Kxf5 Kxc6 35. Ke5 Kb5 36. h5 c4 37. dxc4+ Kxc4 38.
Kd6 Kb5 39. h6 Kb6 40. Ke6 1/2-1/2

[Event "11th WUCC Men"]
[Site "Zuerich SUI"]
[Date "2010.09.10"]
[Round "7"]
[White "Wyss,J"]
[Black "Carron,J"]
[Result "1-0"]
[WhiteElo "2270"]
[BlackElo "2394"]
[EventDate "2010.09.05"]

1. e4 c5 2. Nf3 Nc6 3. d4 cxd4 4. Nxd4 Nf6 5. Nc3 e5 6. Ndb5 d6 7. Bg5 a6
8. Na3 b5 9. Bxf6 gxf6 10. Nd5 f5 11. Bd3 Be6 12. c3 Bxd5 13. exd5 Ne7 14.
Nxb5 Bg7 15. Na3 O-O 16. O-O e4 17. Bc2 Rc8 18. Rb1 Kh8 19. c4 Ng6 20. b4
Ne5 21. Qe2 Qh4 22. Rb3 Rg8 23. Rh3 Qf6 24. Kh1 Bh6 25. f3 exf3 26. Rhxf3
Nxf3 27. Qxf3 f4 28. Bd3 Qc3 29. Qe4 Qg7 30. Nc2 Rge8 31. Qf3 Qc3 32. Qh3
Qf6 33. a3 Rc7 34. Ne3 Qc3 35. Ng4 f5 36. Nxh6 1-0

[Event "11th WUCC Men"]
[Site "Zuerich SUI"]
[Date "2010.09.10"]
[Round "7"]
[White "Munkhgal,G"]
[Black "Viela,A"]
[Result "1-0"]
[WhiteElo "2288"]
[BlackElo "2224"]
[EventDate "2010.09.05"]

1. d4 d6 2. Nf3 Nd7 3. g3 e5 4. dxe5 dxe5 5. Bg2 Ngf6 6. O-O Bc5 7. b3 c6
8. Bb2 Qe7 9. Nc3 O-O 10. e4 Ba3 11. Qc1 Bxb2 12. Qxb2 a5 13. a3 Nc5 14. b4
axb4 15. axb4 Rxa1 16. Rxa1 Ne6 17. b5 Nc5 18. Qb4 Re8 19. Ra8 Qf8 20. bxc6
bxc6 21. Qb6 Ncxe4 22. Nxe4 Nxe4 23. Qxc6 Nd6 24. Qc5 f6 25. Nh4 Be6 26.
Ra6 Nf7 27. Qa5 Ng5 28. Bd5 Bxd5 29. Qxd5+ Qf7 30. Qc6 Qe6 31. Qb5 Qc8 32.
Nf5 Nf3+ 33. Kg2 Nd4 34. Qd5+ Kh8 35. Nd6 Qxa6 36. Nf7+ Kg8 37. Nh6+ Kh8
38. Qg8+ 1-0

[Event "11th WUCC Men"]
[Site "Zuerich SUI"]
[Date "2010.09.10"]
[Round "7"]
[White "Swinkels,R"]
[Black "Ma Yu"]
[Result "1-0"]
[WhiteElo "2478"]
[BlackElo "2332"]
[EventDate "2010.09.05"]

1. d4 d5 2. c4 c6 3. Nf3 Nf6 4. e3 e6 5. b3 Nbd7 6. Bb2 Bd6 7. Bd3 O-O 8.
O-O b6 9. Nbd2 Bb7 10. Ne5 Rc8 11. f4 c5 12. Qe2 Ne4 13. cxd5 exd5 14. Nxe4
dxe4 15. Bc4 Qe7 16. Rad1 Nf6 17. d5 Rcd8 18. Nc6 Bxc6 19. dxc6 Kh8 20. g4
Ne8 21. Rd5 Nc7 22. Rh5 f6 23. g5 Qe8 24. Qg4 b5 25. Rxh7+ 1-0

[Event "11th WUCC Men"]
[Site "Zuerich SUI"]
[Date "2010.09.10"]
[Round "7"]
[White "Darini,P"]
[Black "Akkozov,B"]
[Result "1-0"]
[WhiteElo "2430"]
[BlackElo "2283"]
[EventDate "2010.09.05"]

1. e4 c5 2. Nf3 d6 3. d4 cxd4 4. Nxd4 Nf6 5. Nc3 Nc6 6. Bc4 Qb6 7. Be3 Ng4
8. Nd5 Nxe3 9. Nxb6 Nxd1 10. Nxa8 Nxb2 11. Bb5 Bd7 12. Bxc6 bxc6 13. Rb1 e5
14. Rxb2 exd4 15. Rb8+ Ke7 16. Rb7 Ke6 17. Nc7+ Ke5 18. Rxa7 d5 19. exd5
Bc5 20. Ra5 Kd6 21. Na6 Re8+ 22. Kd2 1-0

[Event "11th WUCC Men"]
[Site "Zuerich SUI"]
[Date "2010.09.10"]
[Round "7"]
[White "Hoffmann,Pau"]
[Black "Pacher,M"]
[Result "1/2-1/2"]
[WhiteElo "2372"]
[BlackElo "2449"]
[EventDate "2010.09.05"]

1. e4 c6 2. d4 d5 3. exd5 cxd5 4. c4 Nf6 5. Nc3 g6 6. cxd5 Nxd5 7. Qb3 Nb6
8. Nf3 Bg7 9. Bb5+ Bd7 10. a4 O-O 11. Bxd7 Qxd7 12. a5 Nc8 13. O-O Nc6 14.
Rd1 Nd6 15. Bf4 Nf5 16. Ra4 Rae8 17. d5 Ncd4 18. Nxd4 Nxd4 19. Qa2 e5 20.
dxe6 Rxe6 21. h3 Ne2+ 22. Kf1 Qe8 23. Nxe2 Rxe2 24. Rb4 Rc2 25. Be3 Qe7 26.
Qa4 Rfc8 27. Re4 Qf8 28. b4 f5 29. Re6 Qf7 30. Qd7 Bf8 31. b5 Bb4 32. Bxa7
Rc1 33. Re8+ Rxe8 34. Qxf7+ Kxf7 35. Rxc1 Bxa5 1/2-1/2

[Event "11th WUCC Men"]
[Site "Zuerich SUI"]
[Date "2010.09.10"]
[Round "7"]
[White "Kukov,V"]
[Black "Kumar,Ve"]
[Result "1-0"]
[WhiteElo "2395"]
[BlackElo "1983"]
[EventDate "2010.09.05"]

1. Nf3 Nf6 2. c4 Nc6 3. g3 e5 4. Bg2 d5 5. cxd5 Nxd5 6. d3 Be7 7. O-O Be6
8. Nc3 O-O 9. Bd2 f6 10. Nxd5 Bxd5 11. Bc3 Bc5 12. a3 Bb6 13. Qa4 Nd4 14.
Bxd4 exd4 15. Nd2 Bxg2 16. Kxg2 Qd5+ 17. Kg1 Rfe8 18. Rfe1 Qh5 19. Nf3 Rad8
20. Rac1 f5 21. Qc4+ Kh8 22. b4 f4 23. Kg2 Rd6 24. Rc2 Rh6 25. a4 Qh3+ 26.
Kg1 Rf8 27. a5 fxg3 28. fxg3 g5 29. axb6 g4 30. Qxd4+ Kg8 31. Rxc7 Rhf6 32.
Qd5+ Kh8 33. Qg5 1-0

[Event "11th WUCC Men"]
[Site "Zuerich SUI"]
[Date "2010.09.10"]
[Round "7"]
[White "Costa,JoaoG"]
[Black "Otte,Mari"]
[Result "1/2-1/2"]
[WhiteElo "2186"]
[BlackElo "2264"]
[EventDate "2010.09.05"]

1. e4 c5 2. Nf3 d6 3. d4 cxd4 4. Nxd4 Nf6 5. Nc3 a6 6. Bg5 e6 7. Qe2 Nbd7
8. f4 Qc7 9. O-O-O b5 10. g4 Bb7 11. Bg2 Be7 12. a3 O-O-O 13. e5 dxe5 14.
fxe5 Nxe5 15. Ncxb5 axb5 16. Nxb5 Qc5 17. Bf4 Bxg2 18. Qxg2 Qxb5 19. Bxe5
Qxe5 20. Qa8+ Kc7 21. Qa7+ Kc8 22. Qa8+ Qb8 23. Qc6+ Qc7 1/2-1/2

[Event "11th WUCC Men"]
[Site "Zuerich SUI"]
[Date "2010.09.10"]
[Round "7"]
[White "Meier,P SEY"]
[Black "Surya,W"]
[Result "0-1"]
[WhiteElo "2047"]
[BlackElo "2233"]
[EventDate "2010.09.05"]

1. d4 d5 2. c4 e5 3. dxe5 d4 4. Nf3 Nc6 5. g3 Bg4 6. Bg2 Nge7 7. O-O Ng6 8.
b3 Qd7 9. Bb2 O-O-O 10. Nbd2 h5 11. h4 Ngxe5 12. Nxe5 Nxe5 13. Ne4 Be7 14.
f3 Bf5 15. Nf2 f6 16. Qd2 g5 17. hxg5 fxg5 18. Rfd1 Nc6 19. e4 Be6 20. f4
Bb4 21. Qd3 gxf4 22. gxf4 Rhg8 23. f5 Bf7 24. Qh3 Bd6 25. Bxd4 Rg3 26. Qh2
Rdg8 27. e5 Rxg2+ 28. Qxg2 Rxg2+ 29. Kxg2 Nxe5 30. Bxe5 Qc6+ 0-1

[Event "11th WUCC Men"]
[Site "Zuerich SUI"]
[Date "2010.09.10"]
[Round "7"]
[White "Soozankar,Amohammad"]
[Black "Herath,H"]
[Result "1-0"]
[WhiteElo "2299"]
[BlackElo "1884"]
[EventDate "2010.09.05"]

1. d4 d5 2. Nc3 f5 3. g3 Nf6 4. f3 c5 5. e3 Nc6 6. Nge2 cxd4 7. exd4 g6 8.
Bg2 Bg7 9. O-O O-O 10. Be3 Nh5 11. Qd2 Re8 12. Rad1 Be6 13. Na4 b6 14. c4
Na5 15. c5 Bd7 16. Nac3 Nc4 17. Qc1 Nxe3 18. Qxe3 bxc5 19. dxc5 e6 20. f4
Nf6 21. b4 Rb8 22. Rb1 Ne4 23. Bxe4 fxe4 24. b5 Qa5 25. c6 Bc8 26. Nd4 Bxd4
27. Qxd4 Qb6 28. Ne2 e5 29. fxe5 Rxe5 30. a4 Bg4 31. a5 Qxd4+ 32. Nxd4 e3
33. b6 axb6 34. axb6 Re4 35. Rf4 e2 36. Rxe4 dxe4 37. b7 Bc8 38. Kf2 Kf7
39. Kxe2 Kf6 40. Ke3 Ke5 41. Rb5+ Kd6 42. bxc8=Q Rxc8 43. Kxe4 1-0

[Event "11th WUCC Men"]
[Site "Zuerich SUI"]
[Date "2010.09.10"]
[Round "7"]
[White "Fernando,SK Akila"]
[Black "Koggala,W"]
[Result "1/2-1/2"]
[WhiteElo "2053"]
[BlackElo "2026"]
[EventDate "2010.09.05"]

1. e4 c6 2. d4 d5 3. exd5 cxd5 4. Nf3 Nf6 5. Bd3 Nc6 6. c3 Bg4 7. Nbd2 e6
8. O-O Bd6 9. h3 Bh5 10. Qb3 Qc7 11. Re1 O-O 12. g4 Bg6 1/2-1/2

[Event "11th WUCC Men"]
[Site "Zuerich SUI"]
[Date "2010.09.10"]
[Round "8"]
[White "Ismagambetov,An"]
[Black "Benidze,D"]
[Result "1/2-1/2"]
[WhiteElo "2492"]
[BlackElo "2504"]
[EventDate "2010.09.05"]

1. e4 c6 2. Nf3 d5 3. Nc3 Bg4 4. h3 Bxf3 5. Qxf3 e6 6. Be2 Nd7 7. O-O Ngf6
8. d4 dxe4 9. Nxe4 Nxe4 10. Qxe4 Nf6 11. Qd3 Bd6 12. Bf3 O-O 13. b4 a6 14.
a3 Qc7 15. Bb2 Rad8 16. Rfe1 a5 17. bxa5 Qxa5 18. Qb3 Rd7 19. c4 Rfd8 20.
d5 cxd5 21. Bxf6 gxf6 22. cxd5 exd5 23. Bg4 Rc7 24. Bf5 Qc3 25. Qd1 Re7 26.
Rxe7 Bxe7 27. Qg4+ Kh8 28. Rd1 Rg8 29. Qh5 Rg7 30. Qe2 Qxa3 31. Rxd5 b6 32.
g3 Bd6 33. Qe8+ Rg8 34. Qxf7 Rxg3+ 35. fxg3 Qxg3+ 36. Kf1 Qf3+ 37. Kg1 Qg3+
38. Kf1 Qf3+ 1/2-1/2

[Event "11th WUCC Men"]
[Site "Zuerich SUI"]
[Date "2010.09.10"]
[Round "8"]
[White "Papin,V"]
[Black "Khmelniker,I"]
[Result "1-0"]
[WhiteElo "2534"]
[BlackElo "2483"]
[EventDate "2010.09.05"]

1. c4 Nf6 2. Nc3 e5 3. Nf3 Nc6 4. g3 Bb4 5. Bg2 O-O 6. O-O e4 7. Ng5 Bxc3
8. bxc3 Re8 9. f3 e3 10. d3 d5 11. Qb3 Na5 12. Qa3 c6 13. cxd5 cxd5 14. f4
Bg4 15. Nf3 Nc6 16. h3 Bd7 17. Rb1 Qc7 18. Ne1 Ne7 19. Rf3 d4 20. cxd4 Nf5
21. Qc5 Qd8 22. g4 Rc8 23. Qxa7 Nh4 24. Rg3 Nxg2 25. Nxg2 Nd5 26. Bxe3 Bc6
27. Rb2 Nc3 28. Rc2 Nd1 29. Rd2 Bxg2 30. Rxd1 Bc6 31. d5 Qxd5 32. Kf2 Qd8
33. g5 Qd7 34. Rc1 Ra8 35. Qd4 Qe6 36. Rc2 Ra4 37. Qc5 Bd5 38. a3 Ra6 39.
Qb4 Bc6 40. Rc5 Qd7 41. Qc3 Ra4 42. h4 Qd6 43. Qc1 Qg6 44. Rc4 Raa8 45. Qc3
Rad8 46. Bc1 Bd5 47. Bb2 Bxc4 48. h5 Qb6+ 49. Kf1 f6 50. Qxc4+ Qe6 51.
Qxe6+ Rxe6 52. gxf6 g6 53. hxg6 hxg6 54. f5 Rb6 55. Be5 g5 56. Rxg5+ Kf8
57. Rg7 Rb5 58. d4 b6 59. Rh7 Rbd5 60. Rb7 Rb5 61. Ke1 Ke8 62. Re7+ Kf8 63.
Rh7 Kg8 64. Rc7 Kf8 65. e4 Ra5 66. Bf4 Kg8 67. Bh6 1-0

[Event "11th WUCC Men"]
[Site "Zuerich SUI"]
[Date "2010.09.10"]
[Round "8"]
[White "Lysyj,I"]
[Black "Sulashvili,M"]
[Result "1-0"]
[WhiteElo "2638"]
[BlackElo "2500"]
[EventDate "2010.09.05"]

1. d4 d5 2. Nf3 e6 3. c4 Nf6 4. Nc3 c6 5. g3 dxc4 6. Bg2 b5 7. Ne5 Nd5 8.
e4 Nf6 9. a4 b4 10. Ne2 Bb7 11. Nxc4 c5 12. Bg5 cxd4 13. Nxd4 Be7 14. Nb5
O-O 15. O-O Nbd7 16. Qe2 h6 17. Bf4 a6 18. Nbd6 Bc6 19. Rfd1 g5 20. Be3 Ne8
21. Nxe8 Rxe8 22. Nb6 Nxb6 23. Rxd8 Bxd8 24. Qh5 Nc4 25. Rc1 Nxe3 26. fxe3
Rc8 27. Rf1 Rc7 28. Qxh6 f6 29. e5 Rh7 30. Qg6+ Rg7 31. Qh5 Rh7 32. Qg6+
Rg7 33. Qd3 Bxg2 34. Kxg2 f5 35. Qxa6 Rd7 36. Qc4 Kg7 37. a5 Ree7 38. a6
Bb6 39. Re1 Rd5 40. Qxb4 Bc5 41. Qc4 Red7 42. b4 Ba7 43. Re2 Kf7 44. g4 f4
45. exf4 Rd4 46. Qc2 Rxf4 47. Qh7+ Ke8 48. Qg8+ Rf8 49. Qxe6+ Kd8 50. Rc2
1-0

[Event "11th WUCC Men"]
[Site "Zuerich SUI"]
[Date "2010.09.10"]
[Round "8"]
[White "Ponkratov,P"]
[Black "Jurcik,Mari"]
[Result "1-0"]
[WhiteElo "2592"]
[BlackElo "2466"]
[EventDate "2010.09.05"]

1. d4 d5 2. c4 dxc4 3. e4 Nc6 4. d5 Ne5 5. Bf4 Ng6 6. Bg3 e5 7. Bxc4 Nf6 8.
Nd2 Bd6 9. Bb5+ Bd7 10. Bxd7+ Qxd7 11. Ne2 O-O 12. O-O Nh5 13. Nc3 Nhf4 14.
Nc4 b5 15. Ne3 b4 16. Ne2 Nxe2+ 17. Qxe2 Ne7 18. Nc4 f6 19. Rac1 Rfc8 20.
Rfd1 c5 21. f3 Rc7 22. Bf2 Rac8 23. Rc2 Ng6 24. Be3 Nf8 25. a3 Qe7 26. Rdc1
Nd7 27. Qf2 a6 28. h3 Kh8 29. b3 Kg8 30. Ra1 Nb8 31. Rac1 Nd7 32. Qe1 Kf7
33. Qh4 Kg8 34. Qg4 Kf7 35. Rd1 Nf8 36. axb4 cxb4 37. Nxd6+ Qxd6 38. Qxc8
Rxc8 39. Rxc8 Qd7 40. Rdc1 Qb5 41. R1c7+ Kg6 42. Rxf8 Qd3 43. Kf2 Qxb3 44.
Rff7 Kh5 45. Rxg7 h6 46. Rh7 1-0

[Event "11th WUCC Men"]
[Site "Zuerich SUI"]
[Date "2010.09.10"]
[Round "8"]
[White "Ahmadinia,E"]
[Black "Nikolov,Mo"]
[Result "0-1"]
[WhiteElo "2436"]
[BlackElo "2549"]
[EventDate "2010.09.05"]

1. e4 c5 2. c3 Nf6 3. e5 Nd5 4. d4 cxd4 5. cxd4 e6 6. Nf3 d6 7. Bc4 Nb6 8.
Bd3 dxe5 9. Nxe5 Nc6 10. Nxc6 bxc6 11. Be4 Nd5 12. O-O Be7 13. Nc3 O-O 14.
Be3 Ba6 15. Re1 Rc8 16. Rc1 Nxe3 17. fxe3 c5 18. d5 Qb6 19. Rc2 Rcd8 20.
Rd2 g6 21. Kh1 Bh4 22. g3 Bf6 23. Bg2 Bb7 24. e4 exd5 25. exd5 Bd4 26. Qa4
Rd6 27. Red1 Rfd8 28. h3 R6d7 29. Kh2 h5 30. h4 Kh7 31. Qc4 Ba6 32. Qa4 Kg7
33. Ne2 Be5 34. Nf4 Bb7 35. Qe4 Bf6 36. Qf3 Re7 37. b3 Bd4 38. Re2 Rde8 39.
Rde1 Rxe2 40. Rxe2 Rxe2 41. Qxe2 Qd6 42. Bf3 Qe5 43. Qb5 Bc8 44. Qc6 Bf5
45. Ne2 Qe3 46. Nxd4 Qf2+ 47. Kh1 Qf1+ 48. Kh2 Qh3+ 49. Kg1 Qxg3+ 50. Kf1
cxd4 51. d6 Bd3+ 52. Be2 Qf4+ 53. Ke1 Qe5 0-1

[Event "11th WUCC Men"]
[Site "Zuerich SUI"]
[Date "2010.09.10"]
[Round "8"]
[White "Gundavaa,B"]
[Black "Miljkovic,Mir1"]
[Result "1-0"]
[WhiteElo "2460"]
[BlackElo "2510"]
[EventDate "2010.09.05"]

1. d4 d5 2. c4 c6 3. Nf3 Nf6 4. e3 g6 5. Nc3 Bg7 6. Be2 O-O 7. O-O dxc4 8.
Bxc4 Bg4 9. h3 Bxf3 10. Qxf3 Nbd7 11. Rd1 Qa5 12. e4 Ne8 13. e5 Kh8 14. Ne4
f6 15. e6 Nb8 16. Bf4 f5 17. Nc5 Nd6 18. Bf1 Qc7 19. Rac1 a5 20. h4 Qc8 21.
h5 gxh5 22. d5 Ne4 23. Nxe4 fxe4 24. Qxe4 Qe8 25. d6 exd6 26. Rxd6 Na6 27.
Bd3 Qg6 28. Qxg6 hxg6 29. Bg5 Be5 30. Rd7 Rfe8 31. Re1 Nc5 32. Rxe5 Nxd7
33. exd7 Rxe5 34. Bf6+ Kh7 35. Bxe5 Rd8 36. Kf1 Rxd7 37. Ke2 Kh6 38. f4 Rd5
39. Be4 Rd7 40. Bf6 Rd6 41. Be7 Rd4 42. Bf8+ Kh7 43. Ke3 Rd1 44. Bc5 Re1+
45. Kd3 Rd1+ 46. Kc2 Rf1 47. Be3 h4 48. Kd2 Rh1 49. f5 gxf5 50. Bxf5+ Kg7
51. Bc8 Rh2 52. Bh3 Kg6 53. Bb6 a4 54. Kc3 Rh1 55. Kb4 Ra1 56. a3 Rb1 57.
Bd4 Rc1 58. Bc3 Rd1 59. Kxa4 Kg5 60. Ka5 Rd5+ 61. Kb6 Rb5+ 62. Kc7 Kf4 63.
a4 1-0